<?xml version="1.0" encoding="UTF-8"?>
<record
    xmlns:xsi="http://www.w3.org/2001/XMLSchema-instance"
    xsi:schemaLocation="http://www.loc.gov/MARC21/slim http://www.loc.gov/standards/marcxml/schema/MARC21slim.xsd"
    xmlns="http://www.loc.gov/MARC21/slim">

  <leader>00430nam a22001457a 4500</leader>
  <controlfield tag="005">20130802153037.0</controlfield>
  <datafield tag="020" ind1=" " ind2=" ">
    <subfield code="a">9788183482523</subfield>
    <subfield code="c">95.00</subfield>
  </datafield>
  <datafield tag="037" ind1=" " ind2=" ">
    <subfield code="a">KKP/VEN</subfield>
  </datafield>
  <datafield tag="245" ind1=" " ind2=" ">
    <subfield code="a">Comprter Awareness for General Compentive Exam/</subfield>
    <subfield code="c">by R Pillai</subfield>
  </datafield>
  <datafield tag="260" ind1=" " ind2=" ">
    <subfield code="a">Meerut(UP)</subfield>
    <subfield code="b">Arihant</subfield>
  </datafield>
  <datafield tag="270" ind1=" " ind2=" ">
    <subfield code="a">Kalindi,TP nager</subfield>
    <subfield code="b">Meerut(UP)</subfield>
    <subfield code="e">250002</subfield>
    <subfield code="k">0121-2401479</subfield>
    <subfield code="l">0121-2401648</subfield>
  </datafield>
  <datafield tag="300" ind1=" " ind2=" ">
    <subfield code="a">766p.</subfield>
    <subfield code="c">24cm.(pbk)</subfield>
  </datafield>
  <datafield tag="942" ind1=" " ind2=" ">
    <subfield code="2">ddc</subfield>
    <subfield code="c">EN</subfield>
  </datafield>
  <datafield tag="999" ind1=" " ind2=" ">
    <subfield code="c">78333</subfield>
    <subfield code="d">78333</subfield>
  </datafield>
</record>
